书目信息 |
| 题名: |
超深缝洞型海相碳酸盐岩油气藏开发技术
|
|
| 作者: | 王招明 , 张丽娟 , 杨海军 著 | |
| 分册: | ||
| 出版信息: | 北京 石油工业出版社 2017.07 |
|
| 页数: | 199页 | |
| 开本: | 26cm | |
| 丛书名: | 塔里木油田超深油气勘探开发理论与技术丛书 | |
| 单 册: | ||
| 中图分类: | P618.130.8 | |
| 科图分类: | ||
| 主题词: | ||
| 电子资源: | ||
| ISBN: | 978-7-5183-1665-6 | |
| 000 | 01444oam2 2200265 450 | |
| 001 | 5031 | |
| 005 | 20181013175819.96 | |
| 010 | @a978-7-5183-1665-6@dCNY120.00 | |
| 100 | @a20171018d2017 em y0chiy50 ea | |
| 101 | 0 | @achi |
| 102 | @aCN@b110000 | |
| 105 | @aa z 000yy | |
| 200 | 1 | @a超深缝洞型海相碳酸盐岩油气藏开发技术@9chao shen feng dong xing hai xiang tan suan yan yan you qi cang kai fa ji shu@f王招明,张丽娟,杨海军等著 |
| 210 | @a北京@c石油工业出版社@d2017.07 | |
| 215 | @a199页@c图,照片@d26cm | |
| 225 | 1 | @a塔里木油田超深油气勘探开发理论与技术丛书@v13 |
| 330 | @a本书阐述了塔里木盆地超深缝洞型海相碳酸盐岩油气藏的地质特征、开发特征、开发原则与设计,着重论述了碳酸盐岩油气藏的开发技术、油气藏管理与油气藏开发实践及启示等内容,明确了缝洞体精细描述是碳酸盐岩高效开发的核心,不规则井网布井技术是提高成功率的关键,单井注水替油、单元注水驱油技术、“一井一策”全生命周期管理是提高单井累计产量的关键,编制整体开发规划方案、总体布局、地面骨干先行、按缝洞带或区块分期建产是碳酸盐岩油气藏高效开发的好做法,上产增储一体化、勘探开发一体化推动了超深碳酸盐岩油气藏的规模效益开发。 | |
| 461 | 0 | @12001 @a塔里木油田超深油气勘探开发理论与技术丛书 |
| 607 | @a塔里木盆地@x海相@x碳酸盐岩油气藏@x油气勘探@x地震勘探@x研究 | |
| 690 | @aP618.130.8@v5 | |
| 701 | 0 | @a王招明@9wang zhao ming@4著 |
| 701 | 0 | @a张丽娟@9zhang li juan@4著 |
| 701 | 0 | @a杨海军@9yang hai jun@4著 |
| 801 | 0 | @aCN@b91MARC@c20171018 |
| 905 | @aMuseLib@dP618.130.8@e98 | |
| 超深缝洞型海相碳酸盐岩油气藏开发技术/王招明,张丽娟,杨海军等著.-北京:石油工业出版社,2017.07 |
| 199页:图,照片;26cm.-(塔里木油田超深油气勘探开发理论与技术丛书;13) |
| ISBN 978-7-5183-1665-6:CNY120.00 |
| 本书阐述了塔里木盆地超深缝洞型海相碳酸盐岩油气藏的地质特征、开发特征、开发原则与设计,着重论述了碳酸盐岩油气藏的开发技术、油气藏管理与油气藏开发实践及启示等内容,明确了缝洞体精细描述是碳酸盐岩高效开发的核心,不规则井网布井技术是提高成功率的关键,单井注水替油、单元注水驱油技术、“一井一策”全生命周期管理是提高单井累计产量的关键,编制整体开发规划方案、总体布局、地面骨干先行、按缝洞带或区块分期建产是碳酸盐岩油气藏高效开发的好做法,上产增储一体化、勘探开发一体化推动了超深碳酸盐岩油气藏的规模效益开发。 |
| ● |
| 相关链接 |
|
|
|
|
正题名:超深缝洞型海相碳酸盐岩油气藏开发技术
索取号:P618.130.8/98
 
预约/预借
| 序号 | 登录号 | 条形码 | 馆藏地/架位号 | 状态 | 备注 |
| 1 | 1127821 | 211278213 | 第二样本阅览室/ [索取号:P618.130.8/98] | 在馆 | |
| 2 | 1127822 | 211278222 | 化学系资料室/ [索取号:P618.130.8/98] | 在馆 | |
| 3 | 1127823 | 211278231 | 第三借阅区/ [索取号:P618.130.8/98] | 在馆 |